[Event "Ruhrgebiet VK playoff 0405"]
[Site "Ruhrgebiet"]
[Date "2005.05.08"]
[Round "1.3"]
[White "Michalek, Franz"]
[Black "Pilat, Daniel"]
[Result "0-1"]
[WhiteElo "1930"]
[BlackElo "2014"]
[PlyCount "60"]
[EventDate "2005.05.08"]
[EventType "team-tourn"]
[EventRounds "3"]
[EventCountry "GER"]
[SourceTitle "EXT 2006"]
[Source "ChessBase"]
[SourceDate "2005.11.24"]
[SourceVersion "1"]
[SourceVersionDate "2005.11.24"]
[SourceQuality "1"]
[WhiteTeam "Eving SV Rochade"]
[BlackTeam "Bochum 31 III"]
[WhiteTeamCountry "GER"]
[BlackTeamCountry "GER"]

1. d4 d5 2. Nf3 Nf6 3. Bg5 c5 4. c3 Nc6 5. e3 Qb6 6. Qb3 c4 7. Qxb6 axb6 8. Nbd2 b5 9. Be2 h6 10. Bh4 Bf5 11. 0-0 e6 12. a3 Nd7 13. Bg3 Nb6 14. Ne5 Na4 15. Nxc6 bxc6 16. Ra2 Be7 17. h4 0-0 18. f3 c5 19. Bf2 b4 20. axb4 Nxc3 21. Rxa8 Nxe2+ 22. Kh2 Rxa8 23. bxc5 Bd3 24. Re1 Ra2 25. e4 Rxb2 26. exd5 exd5 27. Nf1 Bf6 28. Ng3 Kf8 29. c6 Ke7 30. Ra1 Nxd4 0-1